Normal view
MARC view
- Malik Uzma
Entry Personal Name
001 - CONTROL NUMBER
- control field: 124227
003 - CONTROL NUMBER IDENTIFIER
- control field: NUST
005 - DATE AND TIME OF LATEST TRANSACTION
- control field: 20240709111253.0
008 - FIXED-LENGTH DATA ELEMENTS
- fixed length control field: 240709|| aca||aabn | a|a d
040 ## - CATALOGING SOURCE
- Original cataloging agency: NUST
- Transcribing agency: NUST
100 ## - HEADING--PERSONAL NAME
- Personal name: Malik Uzma
670 ## - SOURCE DATA FOUND
- Source citation: Work cat.: (NUST): Malik Uzma, Functional Characterization of Fam26f Based on Its Subcellular Localization and Novel Interacting Partners/
